书目信息 |
| 书名: | Physics | |
| 作者: | Arthur Beiser. | |
| 分册号: | ||
| 分册名: | 出版地: | Menlo Park, Calif. : |
|
| 出版社: | Cummings Publishing | |
| 出版时间: | 1973. | |
| 页数: | 857 p. : | |
| 开本: | 25 cm. | |
| 丛书名: | ||
| 中图分类号: | ||
| 科图分类号: | ||
| 其他分类号: | O4:H31 | |
| 主题词: | ||
| 电子资源: | ||
| 000 | 00414nam 2200169 a 4500 | |
| 001 | E0755749302 | |
| 005 | 20070306153055.96 | |
| 020 | @a0846505215. | |
| 090 | @aO4:H31 | |
| 099 | @dO4:H31@ex111 | |
| 100 | 1 | @aBeiser, Arthur. |
| 245 | 00 | @aPhysics / @cArthur Beiser. |
| 260 | @aMenlo Park, Calif. :@bCummings Publishing,@c1973. | |
| 300 | @a857 p. :@bill. ;@c25 cm. | |
| 920 | @a212010@z1 | |
| 920 | @a236010@z2 | |
| 998 | @aNKL | |
| Physics / / Arthur Beiser.-Menlo Park, Calif. : : Cummings Publishing, , 1973. |
| 857 p. : : ill. ; ; 25 cm. |
| ISBN 0846505215. |
| ● |
| 相关链接 |
|
|
|
|
正题名:Physics
索取号:O4:H31/x111
 
预约/预借
| 序号 | 登录号 | 条形码 | 馆藏地/架位号 | 状态 | 备注 |
| 1 | 0000282 | 300002823 | 第四借阅区/ [索取号:O4:H31/x111] | 在馆 |